1605-あいの風とやま鉄道の駅 - Statistics

General Stats
  • This quiz has been taken 372 times
    348 since last reset
  • The average score is 19 of 23
Answer Stats
本線 % Correct
富山
100%
高岡
98%
倶利伽羅
94%
黒部
94%
魚津
93%
92%
滑川
88%
石動
86%
東富山
86%
呉羽
85%
入善
83%
高岡やぶなみ
81%
小杉
81%
市振
80%
越中宮崎
78%
西高岡
76%
東滑川
74%
新富山口
73%
福岡
72%
越中大門
71%
西入善
70%
水橋
69%
生地
57%
No matching quizzes found
Score Distribution
Percent of People with Each Score
Percentile by Number Answered
Your Score History
You have not taken this quiz since the last reset